<?xml version="1.0" encoding="UTF-8"?>
<record
    xmlns:xsi="http://www.w3.org/2001/XMLSchema-instance"
    xsi:schemaLocation="http://www.loc.gov/MARC21/slim http://www.loc.gov/standards/marcxml/schema/MARC21slim.xsd"
    xmlns="http://www.loc.gov/MARC21/slim">

  <leader>01864cam a22003137i 4500</leader>
  <controlfield tag="001">113658</controlfield>
  <controlfield tag="003">DR-UNIBE</controlfield>
  <controlfield tag="005">20251113134404.0</controlfield>
  <controlfield tag="008">210813t20202020moua     b    001 0 eng  </controlfield>
  <datafield tag="016" ind1="7" ind2=" ">
    <subfield code="a">019673300</subfield>
    <subfield code="2">Uk</subfield>
  </datafield>
  <datafield tag="020" ind1=" " ind2=" ">
    <subfield code="a">9780323638784</subfield>
    <subfield code="q">(hardcover)</subfield>
  </datafield>
  <datafield tag="020" ind1=" " ind2=" ">
    <subfield code="a">0323638783</subfield>
    <subfield code="q">(hardcover)</subfield>
  </datafield>
  <datafield tag="040" ind1=" " ind2=" ">
    <subfield code="a">CPX</subfield>
    <subfield code="b">eng</subfield>
    <subfield code="c">CPX</subfield>
    <subfield code="e">rda</subfield>
    <subfield code="d">CPX</subfield>
    <subfield code="d">MDU</subfield>
    <subfield code="d">HMS</subfield>
    <subfield code="d">MHD</subfield>
    <subfield code="d">OCLCO</subfield>
    <subfield code="d">NEH</subfield>
    <subfield code="d">OCLCF</subfield>
    <subfield code="d">UKMGB</subfield>
    <subfield code="d">YDXIT</subfield>
    <subfield code="d">YDX</subfield>
    <subfield code="d">OCLCA</subfield>
    <subfield code="d">UBY</subfield>
    <subfield code="d">OCLCQ</subfield>
    <subfield code="d">LUN</subfield>
    <subfield code="d">OCLCO</subfield>
    <subfield code="d">DLC</subfield>
  </datafield>
  <datafield tag="041" ind1=" " ind2=" ">
    <subfield code="a">eng</subfield>
  </datafield>
  <datafield tag="082" ind1="0" ind2="4">
    <subfield code="a">611.314 N424w</subfield>
    <subfield code="2">23</subfield>
  </datafield>
  <datafield tag="100" ind1="1" ind2=" ">
    <subfield code="a">Nelson, Stanley J.,</subfield>
    <subfield code="e">author.</subfield>
    <subfield code="9">195794</subfield>
  </datafield>
  <datafield tag="245" ind1="1" ind2="0">
    <subfield code="a">Wheeler's dental anatomy, physiology, and occlusion /</subfield>
    <subfield code="c">Stanley J. Nelson</subfield>
  </datafield>
  <datafield tag="246" ind1="3" ind2=" ">
    <subfield code="a">Dental anatomy, physiology, and occlusion</subfield>
  </datafield>
  <datafield tag="250" ind1=" " ind2=" ">
    <subfield code="a">Und&#xE9;cima edici&#xF3;n</subfield>
  </datafield>
  <datafield tag="260" ind1=" " ind2=" ">
    <subfield code="a"> Missouri :</subfield>
    <subfield code="b">Elsevier,</subfield>
    <subfield code="c">2020</subfield>
  </datafield>
  <datafield tag="300" ind1=" " ind2=" ">
    <subfield code="a">viii, 328 p&#xE1;ginas :</subfield>
    <subfield code="b">ilustraciones </subfield>
  </datafield>
  <datafield tag="504" ind1=" " ind2=" ">
    <subfield code="a">Incluye referencias bibliogr&#xE1;ficas e &#xED;ndice</subfield>
  </datafield>
  <datafield tag="505" ind1=" " ind2=" ">
    <subfield code="a">1.	Introduction to dental anatomy |
2.	Development and eruption of the teeth |
3.	The primary (deciduous) teeth |
4.	Forensics, comparative anatomy, geometries, and form and function |
5.	Orofacial complex : form and function |
6.	The permanent maxillary incisors |
7.	The permanent mandibular incisors |
8.	The permanent canines : maxillary and mandibular |
9.	The permanent maxillary premolars |
10.	The permanent mandibular premolars |
11.	The permanent maxillary molars |
12.	The permanent mandibular molars |
13.	Pulp chambers and canals |
14.	Dento-osseous structures, blood vessels, and nerves |
15.	The temporomandibular joints, muscles, teeth, and their functions |
16.	Occlusion |
17.	Clinical application of dental anatomy, physiology, and occlusion |
</subfield>
  </datafield>
  <datafield tag="650" ind1=" " ind2="7">
    <subfield code="a">Dientes</subfield>
    <subfield code="2">lemb</subfield>
  </datafield>
  <datafield tag="650" ind1=" " ind2="7">
    <subfield code="a">Oclusi&#xF3;n (Odontolog&#xED;a)</subfield>
    <subfield code="2">lemb</subfield>
    <subfield code="9">4</subfield>
  </datafield>
  <datafield tag="650" ind1=" " ind2="7">
    <subfield code="a">Dientes</subfield>
    <subfield code="x">Anatom&#xED;a </subfield>
    <subfield code="2">lemb</subfield>
    <subfield code="9">200776</subfield>
  </datafield>
  <datafield tag="650" ind1=" " ind2="7">
    <subfield code="a">Oclusi&#xF3;n dental</subfield>
    <subfield code="2">lemb</subfield>
  </datafield>
  <datafield tag="942" ind1=" " ind2=" ">
    <subfield code="2">ddc</subfield>
    <subfield code="c">BK-RES</subfield>
  </datafield>
  <datafield tag="999" ind1=" " ind2=" ">
    <subfield code="c">113658</subfield>
    <subfield code="d">113658</subfield>
  </datafield>
  <datafield tag="952" ind1=" " ind2=" ">
    <subfield code="0">0</subfield>
    <subfield code="1">0</subfield>
    <subfield code="2">ddc</subfield>
    <subfield code="7">0</subfield>
    <subfield code="8">RES</subfield>
    <subfield code="a">Principal</subfield>
    <subfield code="d">2025-05-21</subfield>
    <subfield code="l">3</subfield>
    <subfield code="m">1</subfield>
    <subfield code="o">611.314 N424w</subfield>
    <subfield code="p">250662</subfield>
    <subfield code="r">2025-11-27 16:06:41</subfield>
    <subfield code="s">2025-11-13</subfield>
    <subfield code="t">Ej. 1</subfield>
    <subfield code="w">2025-05-21</subfield>
    <subfield code="y">BK-RES</subfield>
  </datafield>
</record>
